Chris Styles : applications engineer.
STEM Career Role Model Chris Styles works for the Cambridge-based microprocessor company ARM, who design the embedded computer processors used in 90% of mobile phones. We follow Chris in his day-to-day job to learn more about the work that he does. He then visits Linton Village College in Cambridge...
| Corporate Author: | |
|---|---|
| Format: | Video |
| Language: | English |
| Language Notes: | This edition in English. |
| Published: |
[England] :
Teachers TV/UK Dept. of Education,
2009.
|
| Series: | Education in video
STEM career role models ; 4 |
| Subjects: | |
| Online Access: | Connect to this streaming video (Alexander Street Press) |
MARC
| Tag | First Indicator | Second Indicator | Subfields |
|---|---|---|---|
| LEADER | 00000cgm a2200000Ma 4500 | ||
| 001 | in00005546821 | ||
| 006 | m o c | ||
| 007 | cr |n|---||a|a | ||
| 007 | vz |zazu| | ||
| 008 | 120229s2009 enk014 o vleng d | ||
| 005 | 20241201230320.8 | ||
| 035 | |a (OCoLC)ocn808817917 | ||
| 040 | |a ALSTP |b eng |e pn |c ALSTP |d OCLCO |d OCLCQ |d VMC |d OCLCQ |d OCLCA |d OCLCF |d OCLCQ |d OCLCA |d OCLCQ |d OCLCO |d OCLCA |d OCLCQ |d MNI |d INT |d OCLCQ |d WYU |d OCLCA |d ORU |d OCLCO |d UHL | ||
| 019 | |a 1113807411 |a 1269046423 |a 1273016016 |a 1373474913 |a 1406313141 |a 1412633356 |a 1418768102 |a 1430834865 |a 1443972121 | ||
| 035 | |a (OCoLC)808817917 |z (OCoLC)1113807411 |z (OCoLC)1269046423 |z (OCoLC)1273016016 |z (OCoLC)1373474913 |z (OCoLC)1406313141 |z (OCoLC)1412633356 |z (OCoLC)1418768102 |z (OCoLC)1430834865 |z (OCoLC)1443972121 | ||
| 050 | 4 | |a AE5 |b .A940 Internet | |
| 049 | |a TXAM | ||
| 245 | 0 | 0 | |a Chris Styles : |b applications engineer. |
| 260 | |a [England] : |b Teachers TV/UK Dept. of Education, |c 2009. | ||
| 300 | |a 1 online resource (14 min.). | ||
| 306 | |a 001407 | ||
| 336 | |a two-dimensional moving image |b tdi |2 rdacontent | ||
| 337 | |a computer |b c |2 rdamedia | ||
| 338 | |a online resource |b cr |2 rdacarrier | ||
| 347 | |a data file |2 rda | ||
| 490 | 0 | |a Education in video | |
| 490 | 0 | |a STEM career role models ; |v 4 | |
| 500 | |a Title from resource description page (viewed Mar. 5, 2012). | ||
| 520 | |a STEM Career Role Model Chris Styles works for the Cambridge-based microprocessor company ARM, who design the embedded computer processors used in 90% of mobile phones. We follow Chris in his day-to-day job to learn more about the work that he does. He then visits Linton Village College in Cambridge to run an electronics workshop. He sets the students off on a range of activities including launching a rocket, building an electronic range finder, an innovative locking mechanism and a small robotic car. Chris's work life often spills over to his home life and we see him with his two year old son Henry working in the electronics workshop he has created in his garage. The programme culminates in the launch of the rocket on the school's playing field in an attempt to capture trajectory data from the rocket for analysis later. | ||
| 546 | |a This edition in English. | ||
| 650 | 0 | |a Science |x Vocational guidance. | |
| 650 | 0 | |a Engineering. | |
| 650 | 2 | |a Engineering | |
| 650 | 6 | |a Sciences |x Orientation professionnelle. | |
| 650 | 6 | |a Ingénierie. | |
| 650 | 7 | |a Engineering. |2 fast |0 (OCoLC)fst00910312 | |
| 650 | 7 | |a Science |x Vocational guidance. |2 fast |0 (OCoLC)fst01108513 | |
| 655 | 4 | |a Alexander Street Video. | |
| 655 | 7 | |a Instructional television programs. |2 fast |0 (OCoLC)fst01726126 | |
| 655 | 7 | |a Nonfiction television programs. |2 fast |0 (OCoLC)fst01710270 | |
| 655 | 7 | |a Nonfiction television programs. |2 lcgft | |
| 655 | 7 | |a Instructional television programs. |2 lcgft | |
| 655 | 7 | |a Émissions télévisées autres que de fiction. |2 rvmgf | |
| 655 | 7 | |a Émissions pédagogiques télévisées. |2 rvmgf | |
| 710 | 2 | |a Glasshead Television and Web. |4 pro | |
| 776 | 0 | 8 | |i Print version: |t Chris Styles. |d [England] : Teachers TV/UK Dept. of Education, 2009 publisher catalog number |o J/3512/004 |
| 856 | 4 | 0 | |u http://proxy.library.tamu.edu/login?url=https://www.aspresolver.com/aspresolver.asp?AVN2;1782597 |z Connect to this streaming video (Alexander Street Press) |t 0 |
| 955 | |a Alexander Street Press subscription streaming video | ||
| 994 | |a 92 |b TXA | ||
| 999 | f | f | |s 2e981a61-89f5-40b7-8d37-55db803cc533 |i 1f014621-3c12-4ee4-810e-ec619e2d6b2f |t 0 |
| 952 | f | f | |a Texas A&M University |b College Station |c Electronic Resources |d Available Online |t 0 |e AE5 .A940 Internet |h Library of Congress classification |
| 998 | f | f | |a AE5 .A940 Internet |t 0 |l Available Online |